Countries Starting With P - Statistics

General Stats
  • This quiz has been taken 21 times
  • The average score is 8 of 9
Answer Stats
Country % Correct
Pakistan
100%
Paraguay
90%
Peru
90%
Portugal
90%
Palau
80%
Philippines
80%
Poland
80%
Panama
70%
Papua New Guinea
70%
No matching quizzes found
Score Distribution
Percent of People with Each Score
Percentile by Number Answered
Your Score History
You have not taken this quiz